| 000 | 00519nam a2200157 a 4500 | ||
|---|---|---|---|
| 008 | 120416s0000 ||||||||||||||||| || u | ||
| 020 | _a0071163069 | ||
| 050 | _aHB 139 Guj | ||
| 100 | _aGujarati, Damodar | ||
| 245 | 1 | 0 | _aEssential econometrics |
| 250 | _a2nd ed. | ||
| 260 |
_aBoston _bIrwin McGraw-Hill _c1999 |
||
| 300 | _axxv, 534p. : ill. | ||
| 350 | _a0.00 | ||
| 995 |
_D0.00 _FCBU-MAIN LIBRARY (Kitwe) _H1 _I28.99 _UAVAILABLE _ZMain Library Open Access Collection |
||
| 999 |
_c42381 _d42381 |
||